[Event "XII Weekend B"]
[Site "Ceriano Laghetto ITA"]
[Date "2003.01.25"]
[Round "1"]
[White "Valsecchi, Alessio"]
[Black "Ferraris, Fulvio"]
[Result "1-0"]
[WhiteElo "1461"]
[BlackElo "1657"]
[PlyCount "109"]
[EventDate "2003.01.25"]

1. e4 e6 2. d4 d5 3. Nc3 c5 4. exd5 exd5 5. Nf3 c4 6. a3 Nc6 7. Be2 h6 8. O-O
Nf6 9. Re1 Be6 10. Bxc4 dxc4 11. d5 Nxd5 12. Qxd5 Be7 13. Qh5 O-O 14. Be3 a6
15. Rad1 Qc8 16. h3 Bf6 17. Na4 Qc7 18. c3 b5 19. Nc5 Rfe8 20. Ne4 Be7 21. Nh2
Ne5 22. Bf4 Nf3+ 23. Qxf3 Qc8 24. Bd6 Ra7 25. Bxe7 Rexe7 26. Nd6 Qa8 27. Qxa8+
Rxa8 28. Nf5 Rd7 29. Rxd7 Bxd7 30. Nd4 Kf8 31. Nhf3 f6 32. Ne6+ Kf7 33. Nc5 Bc8
34. Nd4 Rb8 35. Nc6 Rb6 36. Ne7 Bb7 37. Nf5 Bc8 38. Re7+ Kg6 39. Nxg7 Rc6 40.
Nge6 Bxe6 41. Nxe6 a5 42. g4 f5 43. gxf5+ Kf6 44. Rh7 b4 45. Rxh6+ Ke5 46. f4+
Kd5 47. axb4 axb4 48. Rg6 Rd6 49. Nd4 Rd7 50. Rf6 Ke4 51. Rf8 Kd3 52. f6 bxc3
53. bxc3 Kxc3 54. Ne2+ Kd2 55. Kf2 1-0

[Event "XII Weekend B"]
[Site "Ceriano Laghetto ITA"]
[Date "2003.01.25"]
[Round "1"]
[White "Viale, Fabio"]
[Black "Donadi, Luca"]
[Result "0-1"]
[WhiteElo "1485"]
[BlackElo "1657"]
[PlyCount "82"]
[EventDate "2003.01.25"]

1. d4 d5 2. c4 e6 3. Nc3 Nf6 4. Bg5 Be7 5. e3 Nbd7 6. Nf3 c6 7. cxd5 exd5 8.
Bd3 O-O 9. O-O Ne4 10. Bxe7 Qxe7 11. Rc1 f5 12. Nd2 Ndf6 13. Ncxe4 fxe4 14. Be2
Bf5 15. Qb3 Rae8 16. Rfe1 Kh8 17. Nf1 Rf7 18. Ng3 Bg4 19. h3 Bc8 20. Rf1 Qd6
21. Rc2 Ref8 22. Qc3 g5 23. Nh5 Nxh5 24. Bxh5 Rg7 25. Qc5 Qxc5 26. Rxc5 g4 27.
hxg4 Bxg4 28. Bxg4 Rxg4 29. g3 h5 30. Kg2 Kg7 31. f3 exf3+ 32. Rxf3 h4 33. Kf2
Rxf3+ 34. Kxf3 Rxg3+ 35. Kf2 Kf6 36. Rc1 Kf5 37. Rh1 Kg4 38. Rh2 h3 39. Ke2
Rg2+ 40. Rxg2+ hxg2 41. Kf2 Kh3 0-1

[Event "XII Weekend B"]
[Site "Ceriano Laghetto ITA"]
[Date "2003.01.26"]
[Round "2"]
[White "Alessandro, Sergio"]
[Black "Negri, Sergio"]
[Result "0-1"]
[WhiteElo "1467"]
[BlackElo "1531"]
[PlyCount "70"]
[EventDate "2003.01.25"]

1. d4 Nf6 2. Nf3 g6 3. g3 Bg7 4. Bg2 O-O 5. O-O d6 6. c4 Nbd7 7. Nc3 c6 8. e4
e5 9. dxe5 dxe5 10. b4 Qc7 11. Rb1 Rd8 12. Qc2 Nf8 13. Bg5 h6 14. Bxf6 Bxf6 15.
Rfd1 Be6 16. c5 Rd7 17. Rxd7 Nxd7 18. a4 Be7 19. a5 b6 20. cxb6 axb6 21. axb6
Qxb6 22. Na4 Qb5 23. Nc3 Qb7 24. b5 cxb5 25. Rxb5 Qc6 26. Nxe5 Nxe5 27. f4 Rc8
28. f5 Qxb5 29. fxe6 Qc5+ 30. Qf2 Qxf2+ 31. Kxf2 Rxc3 32. exf7+ Kxf7 33. Bf1
Ng4+ 34. Kg1 Bc5+ 35. Kg2 Ne3+ 0-1

[Event "XII Weekend B"]
[Site "Ceriano Laghetto ITA"]
[Date "2003.01.26"]
[Round "2"]
[White "Bellotto, Stefano"]
[Black "Molteni, Costantino"]
[Result "1-0"]
[WhiteElo "1740"]
[BlackElo "1573"]
[PlyCount "93"]
[EventDate "2003.01.25"]

1. e4 Nf6 2. d3 e5 3. g3 d5 4. Nd2 dxe4 5. dxe4 Bc5 6. Bg2 Be6 7. Ngf3 Nc6 8.
O-O O-O 9. h3 Qe7 10. c3 a5 11. Qc2 Rfd8 12. Ng5 Bd7 13. Nc4 h6 14. Nf3 Be6 15.
Ne3 Bxe3 16. Bxe3 Rd7 17. b3 Rad8 18. Nh4 Rd3 19. Kh2 Qd7 20. Rfe1 Ne7 21. Nf3
Ng6 22. Bf1 Nxe4 23. Bxd3 Qxd3 24. Qxd3 Rxd3 25. c4 Nxf2 26. Bxf2 Rxf3 27. Kg2
Rd3 28. Rad1 Rxd1 29. Rxd1 Kf8 30. Rd8+ Ke7 31. Ra8 b6 32. Ra7 Kd7 33. Bxb6 Kc6
34. Bxa5 Kc5 35. Bxc7 Kd4 36. Bb6+ Kd3 37. Ra8 f6 38. Rd8+ Ke2 39. a4 f5 40. a5
f4 41. gxf4 Nxf4+ 42. Kh2 Bxh3 43. Bc7 g5 44. Bxe5 Bg2 45. Bxf4 gxf4 46. Kxg2
f3+ 47. Kg3 1-0

[Event "XII Weekend B"]
[Site "Ceriano Laghetto ITA"]
[Date "2003.01.26"]
[Round "2"]
[White "Bertamini, Alberto"]
[Black "D'Apa, Matteo"]
[Result "0-1"]
[WhiteElo "1444"]
[BlackElo "1666"]
[PlyCount "158"]
[EventDate "2003.01.25"]

1. d4 d5 2. c4 c6 3. cxd5 cxd5 4. Nc3 Nf6 5. Nf3 Nc6 6. Qb3 e6 7. e3 Bd6 8. Nb5
Be7 9. Nc3 O-O 10. Bd2 a6 11. a3 b5 12. Bd3 Rb8 13. Qc2 Na5 14. b4 Nc4 15. Ne5
Bd7 16. O-O Rc8 17. Rfc1 h6 18. Qa2 Ne8 19. Ne2 Ned6 20. Ng3 Bc6 21. Be2 Qb6
22. Nd3 Bf6 23. Bc3 Rfe8 24. Bg4 Rc7 25. Nc5 g6 26. Qe2 e5 27. dxe5 Bxe5 28.
Bxe5 Nxe5 29. Rd1 Ndc4 30. Bf3 Nxf3+ 31. gxf3 Rcc8 32. Rd4 Rcd8 33. Qd3 Ne5 34.
Qe2 a5 35. f4 Nc4 36. Qd3 axb4 37. axb4 Ra8 38. Rb1 Ra2 39. Qf1 Nd2 40. Qe2
Nxb1 41. Qxa2 Nc3 42. Qc2 Na4 43. Nd3 Qb7 44. f5 Rc8 45. fxg6 fxg6 46. Ne5 Be8
47. Qe2 Nb6 48. Qg4 Qg7 49. Qf4 Kh7 50. e4 Bc6 51. f3 Rf8 52. Qe3 Qxe5 53. Rd1
Nd7 54. Qa7 Qb8 55. Qxb8 Nxb8 56. exd5 Bd7 57. Kg2 Na6 58. Rd4 Rc8 59. Ne4 Kg7
60. Nd6 Rc2+ 61. Kg3 Rb2 62. Rf4 Kg8 63. Rf7 Bf5 64. Ra7 Nxb4 65. Nxb5 Nxd5 66.
Nd6 Rb6 67. Nc4 Rc6 68. Ra5 Rxc4 69. Rxd5 Kf7 70. Rd6 Be6 71. Ra6 Kf6 72. Ra5
Rd4 73. f4 Rd3+ 74. Kf2 Rd5 75. Ra4 Kf5 76. Kf3 Rd3+ 77. Kf2 Kg4 78. Ra6 Bf5
79. Ke2 Rh3 0-1

[Event "XII Weekend B"]
[Site "Ceriano Laghetto ITA"]
[Date "2003.01.26"]
[Round "2"]
[White "Bertrecchi, Corrado"]
[Black "Marchesotti, Giovanni"]
[Result "1/2-1/2"]
[WhiteElo "1416"]
[BlackElo "1453"]
[PlyCount "40"]
[EventDate "2003.01.25"]

1. Nf3 c5 2. c4 Nc6 3. g3 Nf6 4. Bg2 e6 5. O-O Be7 6. b3 O-O 7. Bb2 d5 8. cxd5
Nxd5 9. d3 Bf6 10. Qd2 Bxb2 11. Qxb2 Qf6 12. Qxf6 Nxf6 13. a3 Rd8 14. Ra2 Bd7
15. Rc2 b6 16. Rfc1 Rac8 17. Nbd2 Nd4 18. Nxd4 cxd4 19. Rc7 Ne8 20. R7c2 Nd6
1/2-1/2

[Event "XII Weekend B"]
[Site "Ceriano Laghetto ITA"]
[Date "2003.01.26"]
[Round "2"]
[White "Cardani, Roberto"]
[Black "Rinaldo, Andrea"]
[Result "1/2-1/2"]
[WhiteElo "1788"]
[BlackElo "1494"]
[PlyCount "43"]
[EventDate "2003.01.25"]

1. e4 c6 2. d4 d5 3. Nc3 dxe4 4. Nxe4 Bf5 5. Ng3 Bg6 6. h4 h6 7. Nf3 e6 8. Ne5
Bh7 9. Bc4 Nf6 10. Qe2 Nd5 11. c3 Be7 12. Qg4 Bf6 13. Bd2 Nd7 14. f4 Qc7 15.
Nxd7 Qxd7 16. Nh5 Rg8 17. O-O-O O-O-O 18. Qf3 Bg6 19. Bd3 Bxd3 20. Qxd3 g6 21.
Nxf6 Nxf6 22. Qf3 1/2-1/2

[Event "XII Weekend B"]
[Site "Ceriano Laghetto ITA"]
[Date "2003.01.26"]
[Round "2"]
[White "Cartella, Giovanni"]
[Black "Saccani, Ettore"]
[Result "1-0"]
[WhiteElo "1728"]
[BlackElo "1672"]
[PlyCount "93"]
[EventDate "2003.01.25"]

1. d4 Nf6 2. Nf3 e6 3. Bg5 c5 4. c3 cxd4 5. Nxd4 d5 6. e3 Bd7 7. Qb3 b6 8. Nd2
Be7 9. N2f3 O-O 10. Bd3 h6 11. Bf4 Nh5 12. Be5 Kh8 13. g4 Nf6 14. g5 Ng4 15.
Bxb8 Qxb8 16. gxh6 Nxh6 17. Ne2 Bc6 18. Nfd4 Qd6 19. Rg1 Rac8 20. h4 Bf6 21.
Nxc6 Qxc6 22. Qc2 e5 23. Ng3 e4 24. Ba6 Rc7 25. Qb3 Qd6 26. O-O-O Rd8 27. Nxe4
Qe5 28. Nxf6 Qxf6 29. Rxd5 Rxd5 30. Qxd5 Rc5 31. Qd4 Qxd4 32. exd4 Rf5 33. Rg2
Rf4 34. h5 Ng4 35. f3 Nf6 36. Be2 Nxh5 37. Kd2 g6 38. Rh2 Kg7 39. Ke3 Rf6 40.
Bc4 Rd6 41. Rh4 Ng3 42. Kf2 Nf5 43. Re4 Kf6 44. Re8 Kg5 45. Bxf7 Nh4 46. Re5+
Kf6 47. Bb3 1-0

[Event "XII Weekend B"]
[Site "Ceriano Laghetto ITA"]
[Date "2003.01.26"]
[Round "2"]
[White "Casartelli, Fabio"]
[Black "Valsecchi, Alessio"]
[Result "1/2-1/2"]
[WhiteElo "1624"]
[BlackElo "1461"]
[PlyCount "158"]
[EventDate "2003.01.25"]

1. d4 Nf6 2. Nf3 g6 3. c4 Bg7 4. Nc3 d6 5. e4 O-O 6. Be2 Nbd7 7. O-O e5 8. d5
Nc5 9. Nd2 a5 10. f3 Nfd7 11. Nb3 Nxb3 12. axb3 Nb6 13. f4 exf4 14. Bxf4 Qe7
15. Bf3 Bd7 16. Qd2 a4 17. Bg5 Qe5 18. Be3 a3 19. Rfd1 axb2 20. Rxa8 Rxa8 21.
Bd4 Qxd4+ 22. Qxd4 Bxd4+ 23. Rxd4 Ra1+ 24. Rd1 Rc1 25. Nb1 f5 26. Rf1 g5 27. h3
Nxc4 28. bxc4 Ba4 29. exf5 Bc2 30. Nd2 Rxf1+ 31. Kxf1 b1=Q+ 32. Nxb1 Bxb1 33.
g4 Bd3+ 34. Be2 Bc2 35. Kf2 Kg7 36. Ke3 Kf6 37. Kd4 b6 38. Bf3 h6 39. Kc3 Ba4
40. Kb4 Be8 41. Bd1 Ke7 42. Ba4 Bf7 43. Bc6 h5 44. Kb5 hxg4 45. hxg4 Bg8 46.
Ka6 Bf7 47. Kb7 Kd8 48. Ba4 Bg8 49. Bc2 Bh7 50. Bd3 Kd7 51. Be2 Kd8 52. Bd1 Kd7
53. Kb8 Kd8 54. Ba4 Bg8 55. Bc6 Bf7 56. Bb7 Bg8 57. Bc8 b5 58. cxb5 Bxd5 59.
Be6 Bxe6 60. fxe6 d5 61. e7+ Kxe7 62. Kxc7 d4 63. b6 d3 64. b7 d2 65. b8=Q d1=Q
66. Qb4+ Ke6 67. Qe4+ Kf7 68. Qf5+ Ke8 69. Qg6+ Kf8 70. Qd6+ Qxd6+ 71. Kxd6 Kf7
72. Ke5 Kg6 73. Ke6 Kg7 74. Kf5 Kh6 75. Kf6 Kh7 76. Kxg5 Kg7 77. Kf5 Kf7 78. g5
Kg7 79. g6 Kg8 1/2-1/2

[Event "XII Weekend B"]
[Site "Ceriano Laghetto ITA"]
[Date "2003.01.26"]
[Round "2"]
[White "D'Aulisa, Francesco"]
[Black "Squillante, Michele"]
[Result "1-0"]
[WhiteElo "1573"]
[BlackElo "1717"]
[PlyCount "99"]
[EventDate "2003.01.25"]

1. e4 e5 2. Nf3 Nf6 3. d3 d6 4. h3 Be7 5. Nc3 O-O 6. Be3 c6 7. g4 b5 8. Ne2
Qa5+ 9. Bd2 Qc7 10. Ng3 d5 11. Qc1 dxe4 12. dxe4 Na6 13. Bh6 Ne8 14. Nf5 Bxf5
15. gxf5 Nc5 16. Rg1 Kh8 17. Bxg7+ Nxg7 18. Qh6 Rg8 19. f6 Bxf6 20. Qxf6 Nxe4
21. Qh4 f5 22. Bd3 Raf8 23. O-O-O Qf7 24. Kb1 Qh5 25. Rxg7 Qxh4 26. Rxg8+ Rxg8
27. Nxh4 Nxf2 28. Rf1 e4 29. Rxf2 exd3 30. cxd3 Rg3 31. Rf3 f4 32. Rxg3 fxg3
33. Kc2 Kg8 34. Kd2 Kf7 35. Ke3 Ke6 36. Kd4 a5 37. Kc5 Kd7 38. d4 Kc7 39. d5
cxd5 40. Kxd5 Kb6 41. Ke4 Kc5 42. Kf3 Kc4 43. Ke2 a4 44. Ng2 b4 45. Ne3+ Kb5
46. h4 Kc5 47. h5 Kb5 48. h6 Kc5 49. Kd3 Kb5 50. Kd4 1-0

[Event "XII Weekend B"]
[Site "Ceriano Laghetto ITA"]
[Date "2003.01.26"]
[Round "2"]
[White "De Luca, Vincenzo"]
[Black "Rinaldo, Luigi"]
[Result "1-0"]
[WhiteElo "1558"]
[BlackElo "1479"]
[PlyCount "136"]
[EventDate "2003.01.25"]

1. f4 e6 2. d4 d5 3. Nf3 Nc6 4. e3 a6 5. c3 Nf6 6. Bd3 Be7 7. O-O g6 8. Nbd2
Ng4 9. Qe2 f5 10. a3 b5 11. b4 Na7 12. a4 Bd7 13. a5 Nc8 14. h3 Nf6 15. Ne5 Ne4
16. Bxe4 dxe4 17. g3 Bd6 18. Rf2 Qf6 19. Nxd7 Kxd7 20. Nb3 c6 21. Bd2 Qf8 22.
Nc5+ Bxc5 23. dxc5 Qf6 24. Rd1 Rd8 25. c4 Ke8 26. cxb5 axb5 27. Be1 Rd5 28.
Rxd5 exd5 29. Qb2 Qxb2 30. Rxb2 h5 31. Rg2 Kf7 32. g4 Ne7 33. Bh4 hxg4 34. hxg4
fxg4 35. Bxe7 Kxe7 36. Rxg4 Kf6 37. Rh4 Kg7 38. Kf2 Rd8 39. Rh1 d4 40. exd4
Rxd4 41. Rb1 Kf6 42. Ke3 Rc4 43. Rb3 Rc1 44. Kxe4 Re1+ 45. Kf3 Kf5 46. Ra3 Rf1+
47. Kg3 Re1 48. a6 Re8 49. a7 Ra8 50. Kf3 g5 51. fxg5 Kxg5 52. Ke4 Kf6 53. Ra6
Ke7 54. Rxc6 Rxa7 55. Rb6 Ra4 56. Rxb5 Kd7 57. Kd5 Kc7 58. Rb6 Ra1 59. Kc4 Rc1+
60. Kb5 Rc2 61. Rh6 Kd7 62. Rh7+ Ke6 63. Kb6 Kd5 64. Rh5+ Kc4 65. b5 Rb2 66. c6
Rd2 67. c7 Rd6+ 68. Kb7 Rg6 1-0

[Event "XII Weekend B"]
[Site "Ceriano Laghetto ITA"]
[Date "2003.01.26"]
[Round "2"]
[White "Donadi, Luca"]
[Black "Sala, Pierluigi"]
[Result "1-0"]
[WhiteElo "1657"]
[BlackElo "1428"]
[PlyCount "89"]
[EventDate "2003.01.25"]

1. e4 d6 2. d4 Nf6 3. Nc3 g6 4. Nf3 Bg7 5. Bc4 O-O 6. Be3 Nbd7 7. Qd2 c5 8. O-O
cxd4 9. Nxd4 a6 10. a4 Ne5 11. Bb3 Bd7 12. h3 Rc8 13. Rae1 Nc4 14. Bxc4 Rxc4
15. b3 Rc8 16. Nde2 Qc7 17. Rd1 Ne8 18. Bd4 e5 19. Be3 b5 20. axb5 Bxb5 21. Nd5
Qxc2 22. Ne7+ Kh8 23. Nxc8 Qxc8 24. Rc1 Qe6 25. b4 Nf6 26. f3 d5 27. exd5 Nxd5
28. Bc5 Re8 29. Rfd1 Ba4 30. Qxd5 Bxd1 31. Qxe6 Rxe6 32. Rxd1 h5 33. Nc3 Rc6
34. Ne4 f5 35. Rd6 Rc8 36. Ng5 a5 37. Ne6 axb4 38. Bxb4 Rc1+ 39. Kf2 Rc2+ 40.
Rd2 Rc4 41. Nxg7 Rxb4 42. Ne6 Kh7 43. Re2 Rb6 44. Rxe5 Rxe6 45. Rxe6 1-0

[Event "XII Weekend B"]
[Site "Ceriano Laghetto ITA"]
[Date "2003.01.26"]
[Round "2"]
[White "Ferraris, Fulvio"]
[Black "Viale, Fabio"]
[Result "1-0"]
[WhiteElo "1657"]
[BlackElo "1485"]
[PlyCount "111"]
[EventDate "2003.01.25"]

1. d4 Nf6 2. c4 e6 3. Bg5 Bb4+ 4. Nd2 O-O 5. Ngf3 d5 6. Bxf6 Qxf6 7. e3 Nd7 8.
Qc2 Bxd2+ 9. Nxd2 Qe7 10. cxd5 e5 11. dxe5 Nxe5 12. Rc1 Rd8 13. Qc5 Rd7 14. f4
Ng4 15. Qxe7 Rxe7 16. e4 Nf6 17. d6 cxd6 18. Bd3 Bf5 19. Kf2 Nxe4+ 20. Bxe4
Bxe4 21. Rhe1 d5 22. Re3 Rae8 23. Rce1 Kf8 24. Nb3 Rc7 25. Nd4 Rc4 26. Rd1 Bb1
27. Rxe8+ Kxe8 28. b3 Rxd4 29. Rxd4 Bxa2 30. Rxd5 Bxb3 31. Rb5 Be6 32. Rxb7 a6
33. h3 Bd7 34. g4 a5 35. Ke3 Ke7 36. Kd4 Kd6 37. Rb6+ Kc7 38. Kc5 a4 39. f5 g6
40. fxg6 fxg6 41. Rf6 a3 42. Ra6 h5 43. gxh5 gxh5 44. Rxa3 h4 45. Kd5 Kd8 46.
Ke5 Ke7 47. Rf3 Bc6 48. Rf4 Be8 49. Rxh4 Kf7 50. Rg4 Bd7 51. Rg3 Be6 52. h4 Ke7
53. h5 Ba2 54. Rg7+ Kf8 55. Kf6 Bg8 56. h6 1-0

[Event "XII Weekend B"]
[Site "Ceriano Laghetto ITA"]
[Date "2003.01.26"]
[Round "2"]
[White "Greco, Umberto"]
[Black "Libutti, Michele"]
[Result "0-1"]
[WhiteElo "1536"]
[BlackElo "1612"]
[PlyCount "130"]
[EventDate "2003.01.25"]

1. c4 Nf6 2. Nc3 e5 3. g3 Nc6 4. Bg2 d6 5. d3 Be7 6. Nf3 O-O 7. O-O Bg4 8. Re1
Re8 9. Bd2 Rb8 10. a3 a6 11. Rc1 Nd4 12. Nxd4 exd4 13. Ne4 c5 14. Bf4 Nxe4 15.
Bxe4 Bg5 16. Qd2 Bxf4 17. Qxf4 Qd7 18. Qd2 Re5 19. b4 b6 20. Rb1 Kh8 21. Qc2 f5
22. f4 Re7 23. Bd5 Re3 24. a4 Qe7 25. Kf2 Re8 26. bxc5 dxc5 27. Rb2 h6 28. Bc6
Rb8 29. Bd5 Re8 30. Bc6 Rb8 31. a5 Qc7 32. Qa4 bxa5 33. Rxb8+ Qxb8 34. Qxa5 Qb2
35. Bd5 Rxe2+ 36. Kg1 Rxe1+ 37. Qxe1 Qe2 38. Qb1 Qe3+ 39. Kh1 Bf3+ 40. Bxf3
Qxf3+ 41. Kg1 Qe3+ 42. Kh1 Qf2 43. Qd1 a5 44. h4 Qxg3 45. Qh5 Kh7 46. Qxf5+ Kg8
47. Qd5+ Kh7 48. Qf5+ Qg6 49. Qxc5 Qxd3 50. Qxa5 Qxc4 51. Qf5+ Kg8 52. Qe4 Qf1+
53. Kh2 Qf2+ 54. Kh1 Qxh4+ 55. Kg2 Qg4+ 56. Kf2 Qh4+ 57. Kg2 Qf6 58. Qe8+ Kh7
59. Qe4+ Qg6+ 60. Kf3 Qxe4+ 61. Kxe4 Kg6 62. Kxd4 Kf5 63. Ke3 h5 64. Kf3 h4 65.
Ke3 Kg4 0-1

[Event "XII Weekend B"]
[Site "Ceriano Laghetto ITA"]
[Date "2003.01.26"]
[Round "2"]
[White "Longo, Giovanni"]
[Black "Brioschi, Camillo"]
[Result "1/2-1/2"]
[WhiteElo "1645"]
[BlackElo "1714"]
[PlyCount "72"]
[EventDate "2003.01.25"]

1. e4 e5 2. Nf3 Nc6 3. Bb5 a6 4. Ba4 Nf6 5. O-O Be7 6. Re1 b5 7. Bb3 O-O 8. c3
d6 9. d4 Bg4 10. d5 Nb8 11. Bg5 Ne8 12. Bxe7 Qxe7 13. Nbd2 Bc8 14. Rc1 Nd7 15.
a3 a5 16. Ba2 a4 17. Nf1 Nc5 18. Ng3 g6 19. Qd2 f5 20. exf5 gxf5 21. Nxe5 Ne4
22. Nc6 Qh4 23. Nxe4 fxe4 24. Re3 Ng7 25. Rce1 Bf5 26. Bb1 Rae8 27. Nd4 Bg6 28.
Nxb5 Re5 29. c4 Ref5 30. Rf1 Rg5 31. Nc3 Rf3 32. g3 Qh3 33. Rxe4 Bxe4 34. Qxg5
Rf5 35. Nxe4 Rxg5 36. Nxg5 Qg4 1/2-1/2

[Event "XII Weekend B"]
[Site "Ceriano Laghetto ITA"]
[Date "2003.01.26"]
[Round "2"]
[White "Macchinizzi, Elio"]
[Black "Regorda, Massimiliano"]
[Result "1/2-1/2"]
[WhiteElo "1677"]
[BlackElo "1489"]
[PlyCount "31"]
[EventDate "2003.01.25"]

1. c4 d5 2. cxd5 Nf6 3. Nc3 Nxd5 4. e4 Nxc3 5. bxc3 e5 6. Nf3 Nc6 7. Bb5 Bd6 8.
d4 exd4 9. cxd4 Bd7 10. O-O O-O 11. e5 Be7 12. Bb2 Nxe5 13. a4 Nxf3+ 14. Qxf3
Bxb5 15. axb5 b6 16. Ra6 1/2-1/2

[Event "XII Weekend B"]
[Site "Ceriano Laghetto ITA"]
[Date "2003.01.26"]
[Round "2"]
[White "Pepa, Syrja"]
[Black "Lemma, Vittorio"]
[Result "1-0"]
[WhiteElo "1729"]
[BlackElo "1585"]
[PlyCount "93"]
[EventDate "2003.01.25"]

1. e4 e6 2. d4 d5 3. Nc3 Nf6 4. Bg5 Bb4 5. e5 h6 6. Bd2 Bxc3 7. bxc3 Ne4 8. f3
Qh4+ 9. Ke2 Ng3+ 10. hxg3 Qxh1 11. Nh3 b6 12. Kf2 O-O 13. Qc1 Ba6 14. Qb2 Bxf1
15. Rxf1 Qh2 16. Qc1 Nd7 17. Rh1 Qxh1 18. Qxh1 c5 19. g4 f6 20. exf6 Nxf6 21.
Nf4 cxd4 22. Nxe6 Ne4+ 23. Ke1 Rae8 24. fxe4 Rxe6 25. cxd4 Rxe4+ 26. Kd1 Rxd4
27. Kc1 Rxg4 28. Qh5 Rf1+ 29. Kb2 Rd4 30. Bc3 Rdd1 31. Qe8+ Kh7 32. Qd7 d4 33.
Bxd4 Rf6 34. Qg4 Rxd4 35. Qxd4 h5 36. Kb3 a5 37. Ka4 Rg6 38. Qe4 Kh6 39. Kb5
Rg4 40. Qe3+ g5 41. Qxb6+ Kg7 42. c4 a4 43. c5 a3 44. c6 Rxg2 45. Qd4+ Kf8 46.
c7 Rb2+ 47. Ka4 1-0

[Event "XII Weekend B"]
[Site "Ceriano Laghetto ITA"]
[Date "2003.01.26"]
[Round "2"]
[White "Pepa, Yezdin Dino"]
[Black "Pino, Nicola"]
[Result "0-1"]
[WhiteElo "1600"]
[BlackElo "1705"]
[PlyCount "60"]
[EventDate "2003.01.25"]

1. e4 c5 2. Bc4 e6 3. Nc3 a6 4. a4 Nc6 5. Nge2 Nf6 6. O-O Be7 7. d3 O-O 8. f4
d6 9. Be3 b6 10. Ng3 Bb7 11. f5 d5 12. exd5 exd5 13. Bb3 d4 14. Nce4 dxe3 15.
Qe2 Nd4 16. Qxe3 Nxb3 17. cxb3 Ng4 18. Qf4 Qd4+ 19. Kh1 Nf6 20. Nxf6+ Bxf6 21.
Qxd4 Bxd4 22. Rab1 Rfe8 23. Rf4 f6 24. Rg4 Re7 25. b4 Rae8 26. h3 Re1+ 27. Rxe1
Rxe1+ 28. Kh2 Be5 29. bxc5 bxc5 30. h4 Re3 0-1

[Event "XII Weekend B"]
[Site "Ceriano Laghetto ITA"]
[Date "2003.01.26"]
[Round "2"]
[White "Perotti, Davide"]
[Black "Conta, Diego"]
[Result "1/2-1/2"]
[WhiteElo "1719"]
[BlackElo "1474"]
[PlyCount "114"]
[EventDate "2003.01.25"]

1. Nf3 g6 2. c4 Bg7 3. g3 d6 4. Bg2 Nc6 5. Nc3 Nf6 6. d3 O-O 7. O-O Rb8 8. Bg5
b6 9. Qd2 Bb7 10. Nd5 Nxd5 11. cxd5 Ne5 12. Nxe5 Bxe5 13. Rac1 Rc8 14. Bh3 Bxd5
15. Bxc8 Qxc8 16. Bxe7 Re8 17. Bg5 c5 18. e4 Bxa2 19. Ra1 Qe6 20. Be3 a5 21. d4
cxd4 22. Bxd4 Bc4 23. Rfe1 Rb8 24. f4 Bg7 25. Bxg7 Kxg7 26. Qd4+ Kg8 27. f5
gxf5 28. exf5 Qd5 29. Qxd5 Bxd5 30. Rad1 Bc4 31. Rxd6 a4 32. f6 h6 33. Red1 b5
34. Rd8+ Rxd8 35. Rxd8+ Kh7 36. Kf2 Kg6 37. Rd6 Kf5 38. h3 Ke5 39. Rb6 Kd4 40.
Rd6+ Bd5 41. Ke2 b4 42. Kd2 a3 43. bxa3 bxa3 44. Ra6 a2 45. Ra4+ Ke5 46. Ke3
Kxf6 47. Kf4 Be6 48. Ra7 Kg6 49. g4 Kf6 50. Ra5 Kg6 51. h4 Kf6 52. h5 Kg7 53.
g5 hxg5+ 54. Kxg5 Kh7 55. Ra8 Bc4 56. Kf6 Be6 57. Kg5 Bc4 1/2-1/2

[Event "XII Weekend B"]
[Site "Ceriano Laghetto ITA"]
[Date "2003.01.26"]
[Round "2"]
[White "Piazza, Angelo"]
[Black "Noseda, Francesco"]
[Result "1/2-1/2"]
[WhiteElo "1701"]
[BlackElo "1786"]
[PlyCount "58"]
[EventDate "2003.01.25"]

1. b3 d5 2. Nf3 Nf6 3. Bb2 e6 4. e3 Be7 5. d4 O-O 6. Nbd2 Nbd7 7. c4 b6 8. cxd5
exd5 9. Bd3 Bb7 10. O-O Ne4 11. Rc1 Ndf6 12. Ne5 Nxd2 13. Qxd2 c5 14. Qe2 cxd4
15. Bxd4 Rc8 16. Ng4 Rxc1 17. Rxc1 Bc8 18. Nxf6+ Bxf6 19. Bxf6 Qxf6 20. Qc2 g6
21. Qc3 Qd6 22. Qd4 Be6 23. h3 Rc8 24. Rxc8+ Bxc8 25. Bc4 Bb7 26. e4 Qf4 27.
Bxd5 Bxd5 28. Qxd5 Qc1+ 29. Kh2 Qf4+ 1/2-1/2

[Event "XII Weekend B"]
[Site "Ceriano Laghetto ITA"]
[Date "2003.01.26"]
[Round "2"]
[White "Rampi, Franco"]
[Black "Bernasconi, Roberto"]
[Result "1/2-1/2"]
[WhiteElo "1341"]
[BlackElo "1753"]
[PlyCount "50"]
[EventDate "2003.01.25"]

1. e4 e5 2. Nf3 Nf6 3. Nxe5 d6 4. Nf3 Nxe4 5. d4 d5 6. Bd3 Be7 7. O-O Nc6 8. c4
Nf6 9. Nc3 O-O 10. h3 Nb4 11. Be2 dxc4 12. Bxc4 c6 13. Ne5 b5 14. Bb3 Bb7 15.
Bg5 a6 16. Re1 Nbd5 17. Nxd5 cxd5 18. Rc1 Rc8 19. Ng4 Rxc1 20. Qxc1 Bc8 21.
Nxf6+ Bxf6 22. Bxf6 Qxf6 23. Qe3 Be6 24. Qe5 Qxe5 25. Rxe5 Rd8 1/2-1/2

[Event "XII Weekend B"]
[Site "Ceriano Laghetto ITA"]
[Date "2003.01.26"]
[Round "2"]
[White "Romano', Fabio"]
[Black "Della Rocca, Luigi"]
[Result "1-0"]
[WhiteElo "1792"]
[BlackElo "1687"]
[PlyCount "53"]
[EventDate "2003.01.25"]

1. e4 c5 2. Nf3 Nc6 3. d4 cxd4 4. Nxd4 g6 5. Nxc6 bxc6 6. Qd4 f6 7. f4 Qb6 8.
Be3 Qxd4 9. Bxd4 Bb7 10. Nd2 Bg7 11. Bd3 Nh6 12. h3 Nf7 13. O-O-O O-O 14. Nc4
Rfd8 15. Na5 Rdb8 16. Bc4 e6 17. f5 gxf5 18. exf5 e5 19. Bxe5 d5 20. Bxb8 Rxb8
21. Nxb7 Rxb7 22. Bb3 Nd6 23. g4 Ne4 24. Rh2 Bh6+ 25. Kb1 Bf4 26. Re2 Be5 27.
Rxe4 1-0

[Event "XII Weekend B"]
[Site "Ceriano Laghetto ITA"]
[Date "2003.01.26"]
[Round "2"]
[White "Ronconi, Fausto"]
[Black "Lampl, Gerald"]
[Result "1-0"]
[WhiteElo "1600"]
[BlackElo "1455"]
[PlyCount "77"]
[EventDate "2003.01.25"]

1. d4 Nf6 2. c4 e6 3. a3 c5 4. Nf3 d5 5. Nc3 h6 6. e3 Nc6 7. dxc5 Bxc5 8. b4
Bb6 9. c5 Bc7 10. Bb2 a6 11. Be2 O-O 12. O-O Re8 13. Qc2 e5 14. Rad1 Be6 15.
Rd2 Ne7 16. Bd3 e4 17. Bxe4 Nxe4 18. Nxe4 Bf5 19. Qc3 f6 20. Nxf6+ Kf7 21. Nxe8
Kxe8 22. Qxg7 Be6 23. Qxh6 Kd7 24. Be5 Rc8 25. e4 Qg8 26. Bxc7 Kxc7 27. exd5
Nxd5 28. Rxd5 Rf8 29. Rg5 Bd5 30. Rxg8 Rxg8 31. Qd6+ Kc8 32. Qxd5 Rd8 33. Qe6+
Kb8 34. Ne5 Ka7 35. Qb6+ Kb8 36. Qxd8+ Ka7 37. Qb6+ Kb8 38. c6 a5 39. Qxb7# 1-0

[Event "XII Weekend B"]
[Site "Ceriano Laghetto ITA"]
[Date "2003.01.26"]
[Round "2"]
[White "Schingaro, Angelo"]
[Black "Corti, Filippo"]
[Result "1/2-1/2"]
[WhiteElo "1645"]
[BlackElo "1552"]
[PlyCount "80"]
[EventDate "2003.01.25"]

1. c4 Nf6 2. Nc3 g6 3. g3 Bg7 4. Bg2 d6 5. Nf3 O-O 6. d4 Nbd7 7. O-O e5 8. d5
a5 9. e4 Nc5 10. Nd2 Ng4 11. Qc2 f5 12. Nb3 Nxe4 13. Nxe4 fxe4 14. Bxe4 Bf5 15.
Nd2 Qd7 16. b3 Nh6 17. Bb2 Bh3 18. Bg2 Rf7 19. Ne4 Bf5 20. Qe2 Bxe4 21. Qxe4
Raf8 22. Rae1 Qf5 23. h3 Qxe4 24. Rxe4 Nf5 25. Bc3 b6 26. a3 h5 27. b4 axb4 28.
axb4 Nd4 29. f4 Nf5 30. fxe5 Nxg3 31. Rxf7 Rxf7 32. e6 Re7 33. Re3 Nf5 34. Rf3
Nd4 35. Bxd4 Bxd4+ 36. Kf1 Kg7 37. Ke2 c5 38. bxc5 bxc5 39. Rb3 Ra7 40. Be4 g5
1/2-1/2

[Event "XII Weekend B"]
[Site "Ceriano Laghetto ITA"]
[Date "2003.01.26"]
[Round "2"]
[White "Valsecchi, Luca"]
[Black "Redaelli, Lorenzo"]
[Result "1-0"]
[WhiteElo "1449"]
[BlackElo "1549"]
[PlyCount "100"]
[EventDate "2003.01.25"]

1. d4 d5 2. c4 e6 3. Nc3 Nf6 4. cxd5 exd5 5. Bg5 Be7 6. e3 Bf5 7. Qf3 Be4 8.
Nxe4 Nxe4 9. Bxe7 Qxe7 10. a3 Nc6 11. Bb5 Qe6 12. Rc1 O-O 13. Bxc6 bxc6 14. Qe2
a5 15. Nf3 f6 16. O-O Rfe8 17. Rc2 Reb8 18. Rfc1 Rb6 19. Ne1 Rab8 20. Nd3 g5
21. f3 Nd6 22. Rxc6 Rxc6 23. Rxc6 Qe7 24. Nc5 Rb6 25. Rxb6 cxb6 26. Nd3 Nf5 27.
Kf2 Qd6 28. Qc2 Kg7 29. Qc8 Kg6 30. Qg8+ Kh6 31. f4 gxf4 32. Nxf4 Ne7 33. Qf8+
Kg5 34. Qf7 Kh6 35. h4 Ng6 36. Qxd5 Qxd5 37. Nxd5 Nxh4 38. Nxb6 Nf5 39. Nc4 a4
40. Nb6 Nd6 41. Nxa4 Nc4 42. Kf3 Kg5 43. b4 Nxa3 44. Nc3 Nc4 45. d5 f5 46. Na4
Nd6 47. Nc3 Nc4 48. b5 Nd2+ 49. Ke2 Nc4 50. Na4 Nb6 1-0